000 00558nam a2200193Ia 4500
003 OSt
005 20250704141022.0
008 210210b1992 xxu||||| |||| 00| 0 eng d
040 _cAL
041 _aKannada
082 _aK894.308 MAVK
100 _aMAVINAKERE RANGANATHAN.
_dಮಾವಿನಕೆರೆ ರಂಗನಾಥನ್
_9217277
245 _aKathaguchcha.
_b ಕಥಾಗುಚ್ಛ
260 _aBengaluru
_bMasti Shatamanotsava Samiti
_c1992
300 _aviii,221
690 _aKannada Fiction
_9217278
906 _a046686
942 _2ddc
_cBK
999 _c96106
_d96106